[Event "Hoogovens"]
[Site "Wijk aan Zee"]
[Date "1999.01.17"]
[Round "2"]
[White "Kasparov, Garry"]
[Black "Van Wely, Loek"]
[Result "1-0"]
[WhiteElo "2812"]
[BlackElo "2636"]
[Annotator "Van Wely/Cifuentes"]
[PlyCount "85"]
[EventDate "1999.01.16"]
[EventType "tourn"]
[EventRounds "13"]
[EventCountry "NED"]
[EventCategory "17"]
[SourceTitle "CBM 069"]
[Source "ChessBase"]
[SourceDate "1999.04.01"]
[SourceVersion "1"]
[SourceVersionDate "1999.04.01"]
[SourceQuality "1"]

1. e4 c5 2. Nf3 Nc6 3. d4 cxd4 4. Nxd4 Nf6 5. Nc3 e5 6. Ndb5 d6 7. Bg5 a6 8.
Na3 b5 9. Nd5 Be7 10. Bxf6 Bxf6 11. c3 O-O 12. Nc2 Bg5 13. a4 bxa4 14. Rxa4 a5
(14... Kh8 15. b4 $1) 15. Bb5 $5 Bb7 (15... Ne7 $5) (15... Bd7 16. O-O Rb8 17.
Na3 (17. c4 Na7 18. Bxd7 Qxd7 19. Rxa5 Rxb2 20. c5 Nc6 21. Ra6 Rfb8 22. Rb6 Bd8
23. Rxb8 Rxb8 24. Nde3 Bc7 25. Nf5 Rd8 26. Qg4 g6 27. Nce3 Kh8 28. Qg5 Qe6 29.
Nd5 gxf5 30. Nf6 fxe4 31. g4 Nd4 32. Qh6 Qxf6 33. Qxf6+ Kg8 34. cxd6 Rxd6 35.
Qe7 Ne6 36. Rc1 Rd2 37. Qe8+ {1-0 Paraschiv,I-Cusmir,C/cr 1984/FatBase 98 (37)}
) 17... Kh8 18. Qe2 f5 19. f3 fxe4 20. fxe4 Rxf1+ 21. Kxf1 Qe8 22. Kg1 Bd8 23.
h3 Ne7 24. c4 Nxd5 25. exd5 Bb6+ 26. Kh1 Rb7 27. Bxd7 Rxd7 28. Nb5 Qf8 29. Ra3
e4 30. Ra1 e3 31. Rf1 Qe8 32. Rf4 h6 33. Qf3 Rd8 34. Re4 Qg6 35. Re6 Qb1+ 36.
Kh2 e2 37. Qxe2 Bg1+ 38. Kg3 Rf8 39. h4 Bf2+ 40. Kg4 Qf5# {0-1 Zielinski,
M-Pyda,Z/Gdynia POL-ch sf 1987/FatBase 98 (40)}) (15... Na7 16. Bc4 Bd7 17. Ra2
Nc8 18. O-O Nb6 19. Nxb6 Qxb6 20. Bd5 Rac8 21. Na3 Qa6 22. Qf3 Kh8 23. b3 f5
24. Nc4 a4 25. exf5 Rc5 26. Rd1 Rxf5 27. Qg4 e4 28. Qxe4 Qb5 29. Rxa4 h5 30.
Ra8+ {1-0 Gufeld,E-Gavrikov,V/URS 1978/FatBase 98 (30)}) 16. Nce3 (16. O-O Kh8
(16... Ne7 17. Bc4 Bc6 18. Ra2 Qb8 19. Nce3 Nxd5 20. Nxd5 Qb7 21. b3 Kh8 22.
Qd3 Bd8 23. Rfa1 Rb8 24. b4 axb4 25. Ra7 Qc8 26. Nxb4 Bb6 27. R7a6 f5 28. exf5
Bd7 29. g4 Qc5 30. R1a2 g6 31. Nd5 gxf5 32. Nxb6 Rxb6 33. Rxb6 Qxb6 34. Ra6 Qb8
35. Rxd6 Ba4 36. Ra6 Bb3 37. Bxb3 Qxb3 38. Ra7 Qg8 39. h3 fxg4 40. h4 Ra8 41.
Qxh7+ Qxh7 42. Rxa8+ {1-0 Brumm-Hoyer,T/GER-N 1988}) 17. Nce3 Na7 18. Bd3 g6
19. Nc4 Nc6 20. Ncb6 Rb8 21. Qg4 Na7 22. b4 Nc8 23. bxa5 Nxb6 24. Nxb6 Bd2 25.
Ra3 f5 26. Qe2 Bh6 27. c4 Bc6 28. Bc2 Rf7 29. Rd1 Bf8 30. c5 Qf6 31. Nc4 dxc5
32. exf5 Re8 33. fxg6 hxg6 34. Rh3+ Rh7 35. Rxh7+ Kxh7 36. Be4 Bb5 37. Rb1 {
1-0 Tiviakov,S-Hansen Sune Berg/it op Groningen NED 1997}) 16... Bxe3 17. Nxe3
Ne7 18. O-O Rb8 (18... d5 $5 19. exd5 Nxd5 20. Nxd5 Bxd5 21. Re1 f6 22. h3 Rc8
23. c4 Bc6 24. Qb3 Bxb5 25. cxb5+ Kh8 26. Rea1 Qb6 (26... Qd2 27. Rxa5 Rc1+ 28.
Rxc1 Qxc1+ 29. Kh2 Qd2 30. Qa4) 27. Rxa5 Rb8 $14) 19. Qd3 Qb6 20. Bc4 Bc6 (
20... Rfc8 21. Rd1) 21. Ra2 Rfd8 (21... Qc5 $5) 22. b3 Qc5 (22... Qb7 23. Nd5
$1 Nxd5 24. exd5 Bb5 25. Rxa5 Bxc4 26. bxc4 Rdc8 27. Rfa1 Ra8 $16) 23. Rfa1 Ra8
24. h4 $1 h6 (24... h5 25. Qd1 $1 Bxe4 26. Qxh5 d5 (26... Bg6 27. Qg5 d5 28. b4
Qc7 29. Bb3 d4 30. h5 $40) 27. Qxe5 Ng6 28. Qg5 f6 29. Qg4 dxc4 30. Qxe4 cxb3
31. Qe6+ Kh8 32. Qxb3 Nxh4 33. Ra4 $14 {Kasparov}) 25. h5 Bb7 $6 (25... Rdc8 $5
26. Ng4 (26. Rd1 Rd8) 26... Kf8 27. Rd1 Rd8 28. Rad2 Rab8) 26. Rd1 Bc6 27. Rda1
Bb7 28. Bd5 $1 Bxd5 29. exd5 Rdc8 30. b4 $1 $18 {xNe7} Qxc3 31. Qxc3 Rxc3 32.
Rxa5 Rb8 (32... Re8 33. g4 $1) 33. Ra7 $1 Kf8 34. Rd7 Nc8 35. Rd8+ Ke7 36. Rg8
Rxb4 37. Ra8 Kd7 38. Rxg7 (38. g3 $1) 38... Rc1+ 39. Kh2 Rf4 40. Ng4 Ne7 41.
Ra7+ Ke8 42. g3 Rf5 43. Rh7 1-0

[Event "Hoogovens"]
[Site "Wijk aan Zee"]
[Date "1999.01.19"]
[Round "3"]
[White "Yermolinsky, Alex"]
[Black "Kasparov, Garry"]
[Result "0-1"]
[WhiteElo "2597"]
[BlackElo "2812"]
[Annotator "Krasenkow,M"]
[PlyCount "94"]
[EventDate "1999.01.16"]
[EventType "tourn"]
[EventRounds "13"]
[EventCountry "NED"]
[EventCategory "17"]
[SourceTitle "CBM 069"]
[Source "ChessBase"]
[SourceDate "1999.04.01"]
[SourceVersion "1"]
[SourceVersionDate "1999.04.01"]
[SourceQuality "1"]

1. Nf3 {Hecht} c5 2. c4 Nf6 3. Nc3 d5 4. cxd5 Nxd5 5. d4 Nxc3 6. bxc3 g6 7. e4
Bg7 8. Be3 Qa5 9. Qd2 Bg4 10. Rc1 Bxf3 $1 {This is stronger than} (10... O-O
11. Ng5 $1 {- see Yermolinsky-Svidler}) 11. gxf3 e6 ({After} 11... Nd7 {
the black knight is placed quite passively.} 12. Be2 (12. h4 Rd8 13. h5 e6 14.
Bh6 Ne5 15. Be2 Bxh6 16. Qxh6 cxd4 17. O-O d3 18. Bd1 Rg8 19. f4 gxh5+ 20. Kh1
Ng4 21. Qxh7 Nf6 22. Qh6 Rg6 {0-1 King,D-Gallmayer,P/Copenhagen op 1982}) 12...
Rd8 (12... O-O 13. d5 f5 14. h4 Qc7 15. Bg5 Qd6 16. h5 gxh5 17. Rxh5 f4 18. Rh4
{[%csl Rf4]} Ne5 19. Bxf4 Qf6 20. Bg5 Nxf3+ 21. Bxf3 Qxf3 22. Qe3 Qxe3+ 23.
Bxe3 $14 c4 24. Ke2 Rf6 25. Bg5 Rf7 26. f4 Raf8 27. Ke3 {Hoi,C-Jansa,V/Esbjerg
1982/1-0 (39)}) 13. d5 b5 14. Bh6 (14. c4 b4 15. O-O O-O 16. f4 f5 17. e5 g5
18. fxg5 Nxe5 19. a3 f4 20. Bxf4 Qxa3 21. Be3 b3 22. f4 Nc6 23. Bd3 b2 24. Rb1
Nb4 25. Be4 Na2 26. Qf2 Nc3 27. Bxc5 Nxe4 28. Bxa3 Nxf2 29. Kxf2 Rxf4+ 30. Kg2
Rxc4 31. Rf2 Rxd5 32. Bxe7 Rb5 33. Bf6 Bxf6 34. gxf6 Rcb4 {0-1 Mittelman,
G-Tseitlin,M/Beersheba-B 1990}) 14... Bxh6 15. Qxh6 a6 16. Rc2 Nf6 17. O-O Qc7
18. a4 bxa4 19. Bxa6 Rb8 20. c4 Rb3 21. Bb5+ Kd8 22. d6 Qxd6 23. Rd2 Rd3 24. e5
{1-0 Gupta,M-Andre,W/BL2-W 1988}) 12. d5 $2 {Not a good idea for two reasons:
1)the black bishop now becomes very formidable and 2)the d5 pawn closes the
only (after the imminent c3-c4) diagonal available for the white light-squared
bishop.} (12. Rb1 $5 cxd4 13. cxd4 Qxd2+ 14. Kxd2 O-O 15. e5 $5 (15. Rxb7 Nc6
16. d5 exd5 17. exd5 Rfd8 18. Rb5 (18. Kc1 Rxd5 19. Bc4 Rf5) 18... Nd4 $11)
15... Rd8 16. f4 Nc6 17. Kd3 Rd7 18. Bg2 Rc8 19. Rhc1 Bf8 20. Rc4 Kg7 (20...
Rdc7 21. Bxc6 (21. Ke2 b6) 21... bxc6 22. Rbc1 {[%cal Ye3d2,Yd2a5]}) 21. Bxc6
bxc6 22. Rbc1 Rd5 (22... Rdc7 23. Bd2) 23. Rxc6 Rxc6 24. Rxc6 Ra5 25. Rc2 Be7
26. Rb2 Bd8 {Vaganian,R-Hoelzl,F/Baden 1980/1-0 (44)}) 12... exd5 13. exd5 Nd7
14. c4 Qb6 $1 {The white king is not safe therefore Black needn't exchange
queens. In the position arising White's double f-pawns badly restrict the
mobility of his pieces (especially Bf1).} 15. Bh3 f5 16. O-O Qd6 17. Bf4 Be5
18. Rfe1 {[%cal Ye1e6]} O-O-O 19. Bxe5 Nxe5 20. Qc3 Rhe8 21. Re3 Qf6 22. f4 (
22. Rce1 $4 Nxf3+) 22... Nd7 23. Bg2 Qxc3 24. Rcxc3 Nf6 25. Bf3 Rxe3 26. fxe3 {
White has improved his pawn structure but it doesn't help him very much as the
black knight is nuch stronger than the white bishop. Besides, the a2, c4 and
e3 pawns are still weak and (last but not least) the black king is closer to
the battlefield than his white counterpart.} Rd6 27. Ra3 Kb8 28. Rb3 (28. Ra5
Nd7 {[%cal Yd6b6]} 29. e4 fxe4 30. Bxe4 Rf6) 28... Ra6 29. a3 Ne8 30. e4 fxe4
31. Bxe4 Nd6 32. Bd3 Ra4 33. Rc3 Kc7 34. Kf2 b5 $1 35. cxb5 Kb6 36. Ke3 c4 37.
Bc2 Nxb5 38. Bxa4 Nxc3 39. Be8 (39. Bc2 $142 {Hecht} Kc5 40. d6 Kxd6 41. f5 (
41. Kd4 Nb5+ 42. Kxc4 Nxa3+ $19) 41... g5 42. f6 h5 $17) 39... Kc5 40. d6 Nd5+
41. Ke4 Nf6+ 42. Ke3 (42. Ke5 {Hecht} Nxe8 43. d7 Nd6 44. d8=N c3 45. Ne6+ Kc4
46. Nd4 Nb5 $19) 42... Kxd6 43. Bf7 Kc5 44. h4 Ng4+ 45. Kd2 (45. Ke4 {Hecht}
Nh6 46. Be6 Nf5 47. h5 Ng3+ $19 {[%csl Rh5]}) 45... Kd4 46. h5 gxh5 47. Bxh5
Nf6 {Hecht: 'Gegen zwei Freibauern ist nichts zu machen'} 0-1

[Event "Hoogovens"]
[Site "Wijk aan Zee"]
[Date "1999.01.21"]
[Round "5"]
[White "Reinderman, Dimitri"]
[Black "Kasparov, Garry"]
[Result "0-1"]
[WhiteElo "2542"]
[BlackElo "2812"]
[Annotator "Ftacnik,L"]
[PlyCount "96"]
[EventDate "1999.01.16"]
[EventType "tourn"]
[EventRounds "13"]
[EventCountry "NED"]
[EventCategory "17"]
[SourceTitle "CBM 069"]
[Source "ChessBase"]
[SourceDate "1999.04.01"]
[SourceVersion "1"]
[SourceVersionDate "1999.04.01"]
[SourceQuality "1"]

1. e4 c5 2. Nf3 d6 3. d4 cxd4 4. Nxd4 Nf6 5. Nc3 a6 6. Bc4 e6 7. Bb3 Nc6 8. Be3
Qc7 9. f4 Be7 10. Qf3 O-O 11. O-O-O Nxd4 12. Rxd4 b5 13. g4 (13. a3 Bb7 14. f5
e5 15. Rd2 Rac8 16. Kb1 a5 17. Nd5 Bxd5 18. exd5 a4 19. Ba2 b4 20. axb4 a3 {
1/2-1/2 Ostojic,P-Minic,D/Novi Sad 1965/ (101)}) (13. f5 Rb8 (13... b4 14. Ne2
(14. Na4 e5 15. Rc4 Qa5 16. Nb6 Rb8 17. Nxc8 Rbxc8 18. Rxc8 Rxc8 19. g4 d5 20.
exd5 e4 21. Qg2 Rd8 22. g5 Nxd5 23. Qxe4 {1-0 Medvegy,N-Grabics,M/HUN-chW 1992/
(41)}) (14. Rxb4 d5 15. Rd4 dxe4 16. Nxe4 exf5 (16... Bb7 17. fxe6 fxe6 18. Qg3
Qxg3 19. Bxe6+ Kh8 20. Nxg3 Rae8 21. Rd3 Ne4 22. Bd5 Bxd5 23. Rxd5 {1-0
Istratescu,A-Lieberum,J/Berlin 1996/ (28)}) 17. Nxf6+ Bxf6 18. Bf4 Qa7 19. Rd6
Be6 20. Rhd1 Bxb3 21. axb3 Rfc8 22. c3 a5 {0-1 Istratescu,A-Maherramzade,J/
Halle 1995/ (43)}) 14... e5 15. Rd2 Bb7 16. Ng3 a5 17. Bd5 Bxd5 18. exd5 a4 19.
Bf2 Rfc8 20. Kb1 a3 21. b3 Nxd5 22. c4 Nc3+ 23. Ka1 d5 {0-1 Lendwai,R-Weindl,A/
Zuerich 1987/ (36)}) (13... Bd7 14. g4 a5 15. g5 a4 16. gxf6 Bxf6 17. Bd5 Rac8
18. Qf2 b4 19. Rc4 Qb8 20. Ba7 Rxc4 21. Bxb8 exd5 22. Nxd5 Bg5+ 23. Kb1 Rxb8
24. Rg1 b3 25. axb3 {1-0 Medvegy,N-Somogyi,M/HUN-chT 1993/TD (25)}) (13... exf5
14. exf5 Bb7 15. Nd5 Bxd5 16. Bxd5 Nxd5 17. Qxd5 Rac8 18. Rd2 Bf6 19. Qb3 Rfe8
20. Bf4 Qc5 21. Bxd6 Qxf5 22. Kb1 Rc4 23. Rhd1 Rec8 24. Bg3 h6 25. Qd3 {
1/2-1/2 Gross,S-Vodicka,V/Bayern 1997/EXT 99 (25)}) 14. g4 b4 15. Ne2 d5 16.
exd5 Nxd5 17. Bxd5 exd5 18. Bf4 Bd6 19. Rhd1 Rb5 20. Bxd6 Qxd6 21. Nf4 Bb7 22.
g5 {1-0 Chorfi,K-De Vries,G/Buenos Aires 1978/ (30)}) (13. e5 dxe5 14. fxe5
Qxe5 15. Qxa8 Qxe3+ 16. Rd2 b4 17. Nd1 Qb6 18. Qf3 Bb7 19. Qe2 Ne4 20. Rd3 a5 {
0-1 Kerek,K-Todorovic,J/Budapest 1996/ (32)}) 13... e5 (13... b4 14. Rxb4 d5
15. Rd4 dxe4 (15... Bc5 16. exd5 Bxd4 17. Bxd4 $44) 16. Qe2 a5 17. g5 Nd7 18.
Nxe4 Nb6 19. a4 (19. a3 $5) 19... Ba6 20. Qf2 Bc4 21. Bxc4 Nxc4 22. b3 Nxe3 23.
Qxe3 e5 $1 $132 {1-0 Anand,V-Piket,J/Amsterdam II/1990/ (39)}) 14. Nd5 Nxd5 15.
Rxd5 b4 $5 {[%mdl 4] Kasparov comes with a new concept of defense. Black will
try to speed up the counterplay on the queenside in order to slow down white's
attack on the other side of the board.} (15... exf4 $1 16. Bxf4 Be6 17. Rd2 $14
) (15... Be6 $2 16. f5 Bxd5 17. Bxd5 $16) 16. f5 a5 17. Ba4 (17. Rd2 Bb7 18.
Bd5 Bxd5 19. exd5 b3 20. a3 (20. axb3 a4 $17) 20... Rac8 $15) 17... Bb7 18. g5
(18. Rd2 Qc4 19. Bb3 Qxe4 20. Qxe4 Bxe4 $15) 18... Rfc8 19. Qg2 (19. Rd2 Qc4
$17) (19. g6 Bxd5 20. exd5 b3 $1 21. Bxb3 a4 $19) 19... Bxd5 20. exd5 Qc4 21.
Kb1 (21. Bb3 Qd3 $19) 21... Qh4 22. Bc6 (22. f6 Bf8 23. Bc6 a4 $40) 22... a4 $1
{Consequent and correct, black strives to realize his main plan of counterplay.
} (22... Rab8 23. f6 Bf8 24. Ba7 $13) 23. Rf1 Qc4 24. Rg1 (24. f6 b3 (24... Bf8
25. Bxa8 Rxa8 26. fxg7 Bxg7 27. Qf3 b3 $17) 25. fxe7 (25. Bxa8 bxc2+ 26. Kc1 (
26. Ka1 c1=Q+ $19) 26... a3 27. bxa3 Qd3 $19) 25... bxc2+ 26. Kc1 a3 27. bxa3
Qxa2 28. Qf3 (28. Qxc2 Qa1+ 29. Qb1 Qc3+ $19) 28... Qxa3+ 29. Kd2 Qb4+ 30. Ke2
$13) 24... b3 $1 25. a3 (25. Bxa8 bxc2+ 26. Kc1 a3 27. Bc6 axb2+ 28. Kxb2 Rb8+
$19) 25... Rxc6 26. dxc6 Rc8 27. Rd1 (27. cxb3 $2 Qd3+ $19) 27... Rxc6 28. cxb3
axb3 (28... Qxb3 29. Qd5 $17) 29. Ka1 (29. Qd2 Qc2+ 30. Ka1 Qxf5 $19) (29. Rc1
Qd3+ 30. Ka1 Rc2 31. Qa8+ Bf8 $19) 29... e4 30. Qd2 f6 31. h4 (31. g6 hxg6 32.
fxg6 f5 33. Qd5+ Qxd5 34. Rxd5 Rc2 35. Rb5 Rg2 36. Rb8+ Bf8 37. Rxb3 Rxg6 $17)
31... Kf7 32. Qd5+ Qxd5 33. Rxd5 g6 $1 {[%mdl 4096] Black needs passed pawns
in the endgame, the king on a1 improves his chances of coming first in a run
against the white pair of a and b pawns.} (33... Rc2 34. Rb5 Rh2 35. Rxb3 Rxh4
36. Rb7 Rh1+ 37. Ka2 Rf1 38. g6+ hxg6 39. Bb6 Ke8 40. fxg6 d5 $17) 34. fxg6+ (
34. Kb1 gxf5 35. Rxf5 Ke6 36. Rb5 Rc2 37. Rxb3 Rh2 38. gxf6 Bxf6 39. Bg5 h5 $17
) 34... Kxg6 35. Rb5 fxg5 36. hxg5 (36. Bxg5 Bxg5 37. Rxg5+ Kf6 38. Kb1 e3 $19)
36... Rc2 37. Kb1 Rg2 38. Rxb3 (38. a4 Rg3 39. Bc1 Rg1 40. Rxb3 Bxg5 41. Rc3
Bd2 42. Rc6 e3 $19) 38... Bxg5 39. Bxg5 Kxg5 40. a4 Kf4 41. Rb7 (41. a5 e3 42.
Rb8 e2 43. Re8 Rg1+ 44. Kc2 e1=Q 45. Rxe1 Rxe1 $19) 41... e3 {It becomes
obvious that black has excellent chances to promote his pawn first.} 42. Re7
Kf3 (42... e2 43. Kc1 h5 44. a5 h4 45. a6 h3 46. Kd2 h2 47. Rh7 Rg1 48. Kxe2
h1=Q 49. Rxh1 Rxh1 $19) 43. Kc1 (43. a5 e2 $19) (43. Rf7+ Ke4 44. Rxh7 e2 45.
Rh1 Rf2 $19) 43... d5 44. a5 d4 45. Rxh7 (45. a6 d3 46. b4 d2+ 47. Kc2 Rg1 $19)
45... d3 46. Rh1 (46. Rh3+ Kf2 47. Rh1 Rg1+ 48. Rxg1 Kxg1 49. a6 e2 50. Kd2 Kf2
$19) 46... Rc2+ 47. Kb1 (47. Kd1 e2+ 48. Ke1 d2#) 47... e2 48. a6 Rc8 (48...
Rc8 49. a7 d2 $19) 0-1

[Event "Hoogovens"]
[Site "Wijk aan Zee"]
[Date "1999.01.23"]
[Round "6"]
[White "Kasparov, Garry"]
[Black "Piket, Jeroen"]
[Result "1-0"]
[WhiteElo "2812"]
[BlackElo "2609"]
[Annotator "Blatny,P"]
[PlyCount "81"]
[EventDate "1999.01.16"]
[EventType "tourn"]
[EventRounds "13"]
[EventCountry "NED"]
[EventCategory "17"]
[SourceTitle "CBM 069"]
[Source "ChessBase"]
[SourceDate "1999.04.01"]
[SourceVersion "1"]
[SourceVersionDate "1999.04.01"]
[SourceQuality "1"]

1. e4 e5 2. Nf3 Nf6 3. d4 Nxe4 4. Bd3 d5 5. Nxe5 Nd7 6. Nxd7 Bxd7 7. O-O Bd6 8.
c4 c6 9. cxd5 cxd5 10. Qh5 O-O 11. Qxd5 Bc6 12. Qh5 g6 13. Qh3 Ng5 14. Qg4 $146
(14. Bxg5 Qxg5 15. Nc3 Rae8 (15... Rad8 16. d5 Bxd5 17. Nxd5 {1/2-1/2 Klovans,
J-Rabiega,R/Graz 1998/EXT 99}) 16. Rad1 $5 (16. d5 Bxd5 17. f4 Qd8 18. Nxd5
Bc5+ 19. Kh1 Qxd5 20. Rac1 $14 {Shirov,A-Kramnik,V/Cazorla m(4)/1998/}) 16...
Re7 17. d5 Bd7 18. Ne4 $1 Rxe4 $1 19. Qxd7 Rd8 20. Qxd8+ (20. Qxb7 Bxh2+ $5 (
20... Rb4 21. Qc6 (21. Qxa7 Rg4 $1 22. g3 Bxg3 23. fxg3 Rxg3+ 24. hxg3 Qxg3+
25. Kh1 Qh3+ $11) 21... Rxb2 {mit genügender Kompensation.}) 21. Kxh2 Qh6+ 22.
Kg1 Rh4 23. g3 (23. f3 Qe3+ 24. Rf2 Qh6 25. Kf1 Qe3 26. Kg1 Qh6 $11) 23... Rh1+
24. Kg2 Rh2+ 25. Kf3 Re8 26. Be4 f5 $40) 20... Qxd8 21. Bxe4 Qf6 $5 (21... Qh4
22. f4 $1 Bxf4 23. Rxf4 $1 Qxf4 24. d6 Qg4 $8 25. Bf3 Qd7 26. Kh1 $1 b6 27. Bc6
Qg4 (27... Qd8 28. d7 Kg7 29. b4 $1 a6 30. a4 h5 31. g3 a5 32. b5 g5 33. Kg2 g4
34. h4 $1 {mit guten Gewinnchancen.}) 28. Bf3 (28. Re1 Qb4 $1 (28... Kg7 29. d7
Qg5 (29... Qd4 30. Ba4 $1 Qf6 $8 31. Rd1 Qd8 32. Bc6 {-->Analyse zum 27...Dd8.}
) 30. Rd1 Qd8 31. b4 {-->Analyse zum 27...Dd8.}) 29. Re8+ Kg7 30. d7 Qf4 (30...
Qxb2 $4 31. h4 $18) 31. h3 Qc1+ 32. Kh2 Qf4+ 33. g3 Qd2+ 34. Kg1 Qc1+ 35. Kh2
Qd2+ $11) 28... Qd7 29. b4 $1 Kg7 30. b5 h5 31. h3 h4 32. Bc6 Qd8 33. d7 f5 34.
g3 $5 hxg3 35. Kg2 g5 (35... f4 36. h4 $1) 36. Kxg3 Kf6 37. Kg2 Kg7 38. Re1 Qg8
$11) 22. g3 Qxb2 23. Rb1 Qd4 (23... Qxa2 24. Rxb7 $36) 24. Bf3 b6 $11 25. Rbc1
Bc5 {1/2-1/2 Luther,T-Alterman,B/Recklinghausen 1998/CBM 67}) 14... Ne6 15. Bh6
Re8 16. Nc3 Bf4 $1 ({Eine andere Möglichkeit war} 16... Nxd4 {aber nach} 17.
Rad1 $1 Be5 {(droht Ld7)} (17... Bc5 18. h4 {gefolgt von h5 und Weiss behält
die Initiative.}) {kommt} 18. f4 $1 Bd7 19. Qg3 Bh8 20. f5 {mit Angriff.}) 17.
Bxf4 Qxd4 18. Be4 f5 (18... Nxf4 $6 19. Qxf4 (19. Rad1 $2 Rxe4 $1 (19... Qe5)
20. Rxd4 Rxd4 21. Ne2 (21. Qg3 Bxg2 22. Re1 Bc6 {und Schwarz hat mehr als
ausreichende Kompensation fuer die Dame.}) 21... h5 22. Qxf4 Rxf4 23. Nxf4 Rd8
$17 {und wegen der besseren Figuren ist Schwarz klar im Vorteil.}) 19... Bxe4
20. Rae1 $1 (20. Rfe1 {geht leider nicht wegen "allwermansche"} Bb1 $3 {
mit sofortigen Ausgleich.}) 20... f5 $8 21. Re3 (21. Rd1 $5) 21... Qb6 $1 22.
h4 $1 (22. Nxe4 {reicht nur zum Remis nach zB.} Rxe4 23. Rxe4 fxe4 24. Qxe4
Qxb2 25. Qe6+ Kh8 26. Rd1 Rf8 27. f3 Qf6 $11) {Weiss macht sich "Luft" und
gleichzeitig beginnt er mit dem Angriff gegen den geschwächten schwarzen
Königsflügel.} 22... Bc6 (22... Qxb2 23. h5 {mit Angriff.}) 23. Rg3 {gefolgt
von h5 und Schwarz hat Probleme.}) 19. Qd1 ({Fehlerhaft wäre} 19. Bxf5 Nxf4 20.
g3 {weil Schwarz verfügt über das taktische} Ne2+ $3 21. Nxe2 Qd5 22. f3 Rxe2 {
und Weiss muss versuchen sich zu retten mit} 23. Bxg6 hxg6 24. Qxg6+ Kf8 25.
Qf6+ {, aber Schwarz darf weiterspielen mit} Ke8 (25... Qf7 $11) (25... Kg8 $11
) 26. Rae1 (26. Qh8+ Kd7 27. Qxa8 Qd4+ 28. Kh1 Re8 29. Qxe8+ (29. Rad1 $4 Bxf3+
$19) 29... Kxe8 30. Rae1+ Kd8 $1 31. b3 Kc7 {mit guten praktischen
Gewinnchancen.}) 26... Qc5+ $1 27. Kh1 Qe3 $1 28. Rxe2 (28. Qh8+ $2 Kd7 29.
Rd1+ Kc7 {und Schwarz gewinnt.}) 28... Qxe2 29. Qh8+ Kd7 30. Qg7+ Kd6 31. Qf6+
Kc7 32. Qf4+ Kb6 33. Qb4+ {mit Remis, weil Schwarz die Damen nicht tauschen
darf. Die drei verbundenen Bauern könnten ohne Damen eine reelle Gefahr
darstellen.}) ({Interessant war} 19. Qg3 Nxf4 20. Qxf4 $1 (20. Bxc6 bxc6 21.
Rad1 {führt nur zum Remis nach} Qxc3 $1 22. Qxf4 Qxb2 23. Qc4+ (23. Rd7 Qf6 24.
Qc4+ Qe6 25. Qd4 Re7 $11) 23... Kh8 24. Qxc6 $11) 20... Bxe4 21. Rad1 Qb6 (
21... Qe5 $6 22. Qxe5 Rxe5 23. f4 $1 Re7 24. Nxe4 $1 {mit Vorteil in
Turmendspiel.zB.:} Rxe4 (24... fxe4 $2 25. Kf2 $1 e3+ 26. Ke2 Rc8 27. Rc1 Rd8
28. Rc2 $16 (28. Rfd1 Rf8 29. g3 g5) 28... Rd4 $140 29. Rf3 Rde4 30. Rc3) 25.
Rd7 Rae8 $5 (25... Rb8 26. Rc1 $18 {_|_}) (25... Rc8 26. Rxb7 Rc2 27. Rd1 $18 {
_|_}) 26. Rxb7 a5 $16) 22. Rd2 {mit kleinem Vorteil für Weiss.}) 19... Qxd1 20.
Rfxd1 fxe4 $2 ({Besser war} 20... Nxf4 21. Bxc6 bxc6 22. Rd7 {und jetzt
sichert die schnelle Aktivierung von Ta8 mit} Rad8 $1 23. Rxa7 Rd2 24. Rb7 (24.
b3 $2 Rc2 {und plötzlich spielt Schwarz auf Gewinn.}) 24... Ne2+ (24... Nd3 $6
25. a4 (25. Rd7 $4 Nc1 $1) 25... Nxb2 26. h3 $36 {[%cal Ga4a8]} (26. a5 $4 Nd1
$1 $19)) 25. Nxe2 Rexe2 26. Rf1 Rxb2 $11 {den Ausgleich.}) 21. Be3 $14 {
Weiss hat jetzt einen sehr kleinen, aber dauernden Vorteil.} Kf7 ({Eine
interessante Verteidigungsidee ist hier} 21... Red8 22. Rxd8+ (22. b4 a6 23.
Rxd8+ (23. Bb6 Rd3 $11) 23... Rxd8 24. a4 Rd3 25. Rc1 Nd4 $1 26. Bxd4 $8 Rxd4
27. b5 axb5 28. axb5 Bd7 {und Schwarz hat keine Probleme mit dem Remis; es ist
schon eher Weiss, der hier aufpassen muss.}) {und jetzt opfert Schwarz mit}
22... Rxd8 $1 23. Bxa7 Rd2 {einen Bauern für die Initiative. Nach z.B.:} 24.
Rb1 (24. b3 Rc2 $1 25. Nd1 Nf4 $1 26. Ne3 Ne2+ 27. Kf1 Rc1+ 28. Rxc1 Nxc1 {
mit wahrscheinlichem Remis, weil die ungleichfarbigen Läuefer einen sehr
wichtigen Ausgleichsfaktor darstellen.}) 24... Rc2 25. Be3 g5 $1 {sind die
Remischancen von Schwarz sehr realistisch, wie die folgende Variante zeigt:}
26. a3 Nf4 27. h4 h6 28. hxg5 hxg5 29. Re1 ({Auch} 29. Na2 Nd3 30. Nb4 Nxb4 31.
axb4 Bb5 $1 32. Bxg5 Bd3 $1 {bringt Weiss nicht viel.}) 29... Rxb2 30. Bxf4
gxf4 31. Nxe4 Ra2 $11) 22. b4 $1 b6 (22... a6 23. Bb6 $5) 23. a4 Red8 24. h3
Rd3 $1 25. Rdc1 $1 Ke7 ({Mir gefällt mehr das prophylaktische} 25... Bb7 {
mit der Idee Tc8}) 26. b5 Bb7 27. a5 bxa5 28. Rxa5 a6 29. bxa6 Rxa6 30. Rxa6
Bxa6 31. Nxe4 {Weiss hat zwar einen Bauern gewonnen, aber Schwarz hat die
"Räuumung" von allen Bauern an Damenflügel geschafft. Es bleiben also nur 3:2
an Königsflügel, was zusammen mit dem "ungleichfarbigen Remisfaktor" für das
Unentschieden reichen sollte. Aber sehr wahrscheinlich war Piket in Zeitnot,
denn es passierte:} Bb7 (31... Rd7 $5 {/\Ld3}) 32. Bc5+ $1 Kd8 $8 (32... Nxc5
$4 33. Nxc5 $18) (32... Kd7 33. Nf6+ $18) 33. Nf6 $5 h5 (33... Nxc5 $6 34. Rxc5
h6 (34... h5 35. Rg5 $1) 35. Ng4 h5 36. Ne5 $16) 34. Bb4 (34. Be3 Ke7 $14)
34... Rd4 $2 (34... Nf4 $5 35. Ba5+ Ke7 36. Rc7+ Kxf6 37. Rxb7 g5 $14) ({
Schwarz konnte mit dem schönen} 34... Bxg2 $3 35. Kxg2 Nf4+ 36. Kf1 (36. Kh2
Rxh3+ 37. Kg1 Ne2+ 38. Kg2 Nf4+ $11) 36... Rxh3 37. Rd1+ $8 Kc8 38. Ke1 $8 (38.
Rc1+ Kd8 $11) (38. Kg1 Ne2+ 39. Kf1 (39. Kg2 Nf4+ $11) 39... Nf4 $11) 38...
Nd3+ 39. Rxd3 Rxd3 {das Remis unter Dach und Fach bringen.}) 35. Re1 Bc8 36.
Bc3 Rd3 37. Be5 Bb7 (37... Ke7 $1 $14) 38. Bg3 Ke7 39. Ng8+ Kd7 40. Nh6 Bc6 $4
({Nach zB.} 40... Rd4 {ist der Gewinn von Weiss nicht im Sicht.}) 41. Nf7 {
Jetzt aber verliert Schwarz den zweiten Bauer, dadurch} 1-0